LIBRARY & INFORMATION CENTRE, KCAET, TAVANUR

ONLINE PUBLIC ACCESS CATALOGUE (OPAC)

Optimal number and discharge rate of emitters for coconut palm in sandy loam soil (Record no. 15215)

MARC details
000 -LEADER
fixed length control field 00629nam a22001697a 4500
003 - CONTROL NUMBER IDENTIFIER
control field OSt
088 ## - REPORT NUMBER
Report number T 108
100 ## - MAIN ENTRY--AUTHOR NAME
Personal name PRIYA G. NAIR
245 ## - TITLE STATEMENT
Title Optimal number and discharge rate of emitters for coconut palm in sandy loam soil
260 ## - PUBLICATION, DISTRIBUTION, ETC. (IMPRINT)
Place of publication Tavanur 2000
Name of publisher Kelappaji College of Agricultural Engineering and Technology
300 ## - PHYSICAL DESCRIPTION
Number of Pages 115
500 ## - GENERAL NOTE
General note Optimal number and discharge rate of emitters for coconut palm in sandy loam soil
520 ## - SUMMARY, ETC.
Summary, etc Optimal number and discharge rate of emitters for coconut palm in sandy loam soil
700 ## - ADDED ENTRY--PERSONAL NAME
Personal name Er. P. Suseela (Guide)
942 ## - ADDED ENTRY ELEMENTS (KOHA)
Koha item type Theses
Holdings
Collection code Home library Current library Shelving location Full call number Accession Number Koha item type Public note
Reference KAUAET KAUAET Reference 631.587 PRI/OP T 108 Theses M.Tech Thesis
free website counter